Vista normal Vista MARC

Entrada Materia (personas)

Número de registros utilizados en: 1

001 - CONTROL NUMBER

  • control field: 105592

003 - CONTROL NUMBER IDENTIFIER

  • control field: Co-BoUCM

005 - DATE AND TIME OF LATEST TRANSACTION

  • control field: 20210908122258.0

008 - FIXED-LENGTH DATA ELEMENTS

  • fixed length control field: 210908|| aca||aabn | a|a d

040 ## - CATALOGING SOURCE

  • Original cataloging agency: Co-BoUCM
  • Transcribing agency: Co-BoUCM

100 ## - HEADING--PERSONAL NAME

  • Personal name: Rocheraux, I.H

670 ## - SOURCE DATA FOUND

  • Source citation: Work cat.: (Co-BoUCM)23927: Rocheraux, I.H., Pamplona descripción tradiciones y leyendas históricas, 1911